| 000 | 00861nam a22002897a 4500 | ||
|---|---|---|---|
| 001 | 9846 | ||
| 003 | FISKH | ||
| 005 | 20260304143556.0 | ||
| 008 | 260304b cb ||||| |||| 00| 0 eng d | ||
| 020 | _a9780316110501 | ||
| 040 |
_aFISKH _beng _cFISKH _dFISKH |
||
| 050 | _aPZ7 .B81618 .A | ||
| 082 | _a813 | ||
| 100 |
_aBrown, Marc _eAuthor |
||
| 245 |
_aArthur's chicken pox / _cMarc Brown |
||
| 260 |
_aBoston : _bLittle, Brown & Company , _c1994 |
||
| 300 |
_a30 unnumbered pages : _bcolor illustrations ; _c26 cm |
||
| 490 |
_aArthur the Aardvark _v20 |
||
| 505 | _aJ | ||
| 520 | _aArthur the aardvark catches chicken pox a week before he is supposed to go to the circus. | ||
| 521 | 8 |
_a490
_bLexile estimate |
|
| 521 | 8 |
_aJ
_bRaz-Plus |
|
| 650 |
_aHealth _vIllness |
||
| 650 |
_aBody _vChicken pox |
||
| 942 |
_2ddc _cBK _n0 |
||
| 999 |
_c9846 _d9846 |
||